Statistiques concernant Pays commencant et finissant par la même lettre.

Cliquez ici pour prendre le quiz!

Statistiques générales

  • Ce quiz a été pris 374 fois
    (258 depuis la dernière actualisation)
  • Le résultat moyen est 7 sur 10

Statistiques - réponses

ContinentRéponse% Correct
EuropeEspagne
88%
Estonie
81%
Erythrée
80%
AfriqueAngola
79%
Egypte
79%
Ethiopie
76%
AmériqueAntigua-et-Barbuda
58%
Saint-Vincent-et-les-grenadines
52%
Saint-Christophe-et-Nievès
51%
Seychelles
41%

Distribution des résultats

Percentile par nombre de réponses

% des personnes avec chaque résultat

Votre développement - résultats

Vous n’avez pas pris ce quiz depuis la dernière actualisation